Statystyki dla Akweny wodne świata na mapie

Kliknij tutaj aby rozwiązać quiz!

Ogólne statystyki

  • Ten quiz został rozwiązany 10 130 razy
  • Średni wynik to 21 z 62

Odpowiedzi na mapie

Odpowiedzi skodowane kolorowo w zielono-czerwonej skali na mapie do tego quizu, zgodnie z poniższymi procentami.
 

Statystyki odpowiedzi

Woda% Poprawnych
Ocean Spokojny
97%
Morze Bałtyckie
95%
Ocean Atlantycki
95%
Ocean Indyjski
93%
Morze Czarne
92%
Morze Czerwone
83%
Morze Śródziemne
83%
Morze Północne
80%
Ocean Arktyczny
78%
Morze Kaspijskie
73%
Morze Karaibskie
66%
Morze Adriatyckie
60%
Morze Japońskie
58%
Zatoka Meksykańska
58%
Morze Żółte
54%
Zatoka Perska
49%
Morze Egejskie
48%
Morze Norweskie
45%
Morze Beringa
43%
Morze Arabskie
41%
Kanał La Manche
40%
Morze Południowochińskie
39%
Morze Białe
37%
Zatoka Kalifornijska
35%
Morze Jońskie
33%
Zatoka Bengalska
33%
Zatoka Fińska
31%
Morze Tasmana
29%
Zatoka Hudsona
29%
Morze Koralowe
28%
Morze Grenlandzkie
27%
Morze Azowskie
26%
Morze Filipińskie
25%
Morze Irlandzkie
25%
Zatoka Gwinejska
25%
Morze Wschodniochińskie
24%
Zatoka Biskajska
22%
Zatoka Botnicka
21%
Zatoka Panamska
21%
Morze Tyrreńskie
18%
Zatoka Alaska
18%
Morze Marmara
15%
Kanał Mozambicki
14%
Morze Ochockie
14%
Wielka Zatoka Australijska
13%
Morze Baffina
12%
Morze Celtyckie
11%
Zatoka Adeńska
11%
Morze Jawajskie
10%
Zatoka Omańska
9%
Zatoka Świętego Wawrzyńca
9%
Zatoka Tajlandzka
9%
Morze Celebes
7%
Cieśnina Malakka
5%
La Plata
5%
Morze Arafura
4%
Morze Banda
4%
Cieśnina Bassa
3%
Maracaibo
3%
Morze Sulu
3%
Zatoka Karpentaria
3%
Zatoka Fundy
2%

Rozkład punktacji

Percentyl według liczby udzielonych odpowiedzi

Procent ludzi z każdym wynikiem

Twoja historia wyników

Nie rozwiązałeś tego quizu